Sports Quiz

Random Sports or Cricket Quiz

Inzamam Ul Haq's Partners in Century Stands Quiz Stats

 Plays Quiz not verified by Sporcle

Support Sporcle.
Go Orange.
Score 0/42 Timer 10:00
0 Plays Today
Partnership Runs Inzy's Partner % Correct
324Younis Khan
100%
149Younis Khan
100%
144Moin Khan
100%
141Younis Khan
100%
124Younis Khan
100%
259Mohammad Yousuf
98.2%
173Mohammad Yousuf
98.2%
152Mohammad Yousuf
98.2%
151Mohammad Yousuf
98.2%
141Mohammad Yousuf
98.2%
139Mohammad Yousuf
98.2%
128Mohammad Yousuf
98.2%
123*Mohammad Yousuf
98.2%
121*Mohammad Yousuf
98.2%
102Mohammad Yousuf
98.2%
130Saeed Anwar
91.5%
105Saeed Anwar
91.5%
258Saleem Malik
89.7%
123Saleem Malik
89.7%
121Saleem Malik
89.7%
100Shoaib Malik
89.1%
Partnership Runs Inzy's Partner % Correct
352*Ijaz Ahmed
83%
140Ijaz Ahmed
83%
136Ijaz Ahmed
83%
120Ijaz Ahmed
83%
118Ijaz Ahmed
83%
116Ijaz Ahmed
83%
115Ijaz Ahmed
83%
163*Shahid Afridi
81.8%
145Shahid Afridi
81.8%
323Aamer Sohail
79.4%
135Salman Butt
75.2%
206Abdul Razzaq
66.1%
148Abdul Razzaq
66.1%
132Rameez Raja
61.2%
111Saqlain Mushtaq
58.8%
180Taufeeq Umar
53.3%
121Taufeeq Umar
53.3%
110Imran Farhat
50.9%
204Imran Nazir
50.3%
160Yasir Hameed
41.8%
132Faisal Iqbal
30.3%

You're not logged in!

Compare scores with friends on all Sporcle quizzes.
OR
Log In

From the Vault

The Empire Strikes Back: Great Lines

by biggs364

This is not the line you are looking for.
Remove Ads.
Support Sporcle.
Get the best of Sporcle when you Go Orange. This ad-free experience offers more features, more stats, and more fun while also helping to support Sporcle. Thank you for becoming a member.

Show Comments

Extras

Top Quizzes Today


Score Distribution

Your Account Isn't Verified!

In order to create a playlist on Sporcle, you need to verify the email address you used during registration. Go to your Sporcle Settings to finish the process.

Report this User

Report this user for behavior that violates our Community Guidelines.

Details: